Supply Chain and Logistics / Το Περιοδικό για την Εφοδιαστική Αλυσίδα (Record no. 8917)
[ view plain ]
| 000 -LEADER | |
|---|---|
| fixed length control field | 01087cam a22001694a 4500 |
| 005 - ΗΜΕΡΟΜΗΝΙΑ ΚΑΙ ΩΡΑ ΤΕΛΕΥΤΑΙΑΣ ΕΝΗΜΕΡΩΣΗΣ | |
| Πεδίο ελέγχου | 20250605163654.0 |
| 008 - FIXED-LENGTH DATA ELEMENTS--GENERAL INFORMATION | |
| Πεδίο ελέγχου σταθερού μήκους | 250528s ||||||||||||||||||||||||d |
| 035 ## - SYSTEM CONTROL NUMBER | |
| System control number | 24014 |
| 040 ## - ΠΗΓΗ ΚΑΤΑΛΟΓΟΓΡΑΦΗΣΗΣ | |
| Φορέας πρωτότυπης καταλογογράφησης | MC Athens Campus Library |
| Γλώσσα καταλογογράφησης | Ελληνικά, Μοντέρνα (1453-) |
| Modifying agency | MC Athens Campus Library |
| Κανόνες περιγραφικής καταλογογράφησης | AACR2 |
| 245 1# - ΤΙΤΛΟΣ ΚΑΙ ΔΗΛΩΣΗ ΥΠΕΥΘΥΝΟΤΗΤΑΣ | |
| Τίτλος | Supply Chain and Logistics / Το Περιοδικό για την Εφοδιαστική Αλυσίδα |
| 260 ## - PUBLICATION, DISTRIBUTION, ETC. | |
| Name of publisher, distributor, etc. | Parametros Group |
| -- | Scl Magazine, |
| Date of publication, distribution, etc. | 2017 |
| 300 ## - PHYSICAL DESCRIPTION | |
| Extent | 80 |
| 520 ## - SUMMARY, ETC. | |
| Summary, etc. | Logistics Responsible: Η O.Mind Creatives η Πρώτη Εκδοτική Εταιρεία που Μετρά το Ανθρακικό της Αποτύπωμα, Ενωμένοι και με Όραμ θα Πετύχουμε τον Στόχο της Εξωστρέφειας, Ολοκληρωμένο Σύστημα Διαχείρισης Καύσιμου Στόλου Οχημάτων από την Σπυρίδης Α.Ε., Το Επαγγελματικό Όχημα Συναντά τα City Logistics, Λύσεις Τηλεματικής για Στόλους Επαγγελματικών Van. |
| 942 ## - ADDED ENTRY ELEMENTS (KOHA) | |
| Koha item type | Περιοδικά Δημοσιεύματα |
| Τύπος τεκμηρίου | Βιβλιοθήκη | Τρέχουσα τοποθεσία | Barcode | Ημερομηνία απόκτησης | Ταξιθετικό σύμβολο | Αριθμός αντιτύπου | Αρίθμηση σειρών / χρονολογία | Κατάσταση απόσυρσης | Κατάσταση χαμένου | Κατάσταση κατεστραμμένου | Μη δανεισμός | Σύνολο δανεισμών | Ημερομηνία τελευταίας εμφάνισης | Η τιμή ισχύει από |
|---|---|---|---|---|---|---|---|---|---|---|---|---|---|---|
| Περιοδικά Δημοσιεύματα | MC Athens Campus Library | MC Athens Campus Library | 9780000089168 | 05/06/2025 | SUPPLY CHAIN & LOGISTICS | 1 | 85 | 05/06/2025 | 05/06/2025 |